00541nam a2200169Ia 4500003000400000008004100004040001600045082001500061100004100076245011100117490000500228650001900233650001900252650003800271650002400309650003800333GCL140319s9999 xx 000 0 ara d aGCL / cGCL04a193bا د1 aامام عبدالفتاح امام10aدراسات فى الفلسفة السياسية عند هيجل / cامام عبدالفتاح امام a04aالفلسفة04aالسياسة04aالفلسفة الالمانية04aفلسفة هيجل04aفرنسا - ثورة 1789 - 1799